00510nam a22001457a 450000500170000001000150001702000270003203500140005903700130007308200190008624500940010526000450019927000940024430000260033820220601160050.0 aENG-132920 a9788124605424c1100.00 aEN-116452 bDBAD/PUB a704.9489430952 aBuddhist Jconography in the Butszozui of Hidenobu/cTranslated and Edited by Anita Khanna aNew DelhibD.K. Printworld (P) Ltdc2010 bNew DelhiaF-52, Bali Nagar, Ramesh Nagar Metro Statione110015minology@dkprintworld.com axiv, 825p.c29cm(hbk)